logo

Bir Sreshtho Munshi Abdur Rouf Library
Jhenaidah Cadet College

রসায়ন প্রথম পত্র একাদশ-দ্বাদশ শ্রেণি / (Record no. 10540)

MARC details
000 -LEADER
fixed length control field 00828nam a2200217 a 4500
003 - CONTROL NUMBER IDENTIFIER
JCCL marc code BD-JhCC
005 - DATE AND TIME OF LATEST TRANSACTION
control field 20180529115732.0
008 - FIXED-LENGTH DATA ELEMENTS--GENERAL INFORMATION
fixed length control field 180301s2013 a|||| ||a| 000 0 d
035 ## - SYSTEM CONTROL NUMBER
system control number (BD-JhCC)
040 ## - CATALOGING SOURCE
Original cataloging agency BD-JhCC
Modifying agency BD-JhCC
041 ## - LANGUAGE CODE
Language code of Book ben
082 ## - DEWEY DECIMAL CLASSIFICATION NUMBER
Classification number 540
Author mark and Year KAB 2013
100 ## - MAIN ENTRY--PERSONAL NAME
Personal name কবীর,আহসানুল.
245 ## - TITLE STATEMENT
Title রসায়ন প্রথম পত্র একাদশ-দ্বাদশ শ্রেণি /
Statement of responsibility, etc ড.গাজী মোঃ আহসানুল কবীর ও ড. মো: রবিউল ইসলাম
260 ## - PUBLICATION, DISTRIBUTION, ETC. (IMPRINT)
Place of publication, distribution, etc ঢাকা:
Name of publisher, distributor, etc এ্যাবাকাস পাবলিকেশন্স;
Date of publication, distribution, etc 2013.
300 ## - PHYSICAL DESCRIPTION
Pagination 264 p. :
Other physical details ill;
Dimensions 24 cm.
651 ## - SUBJECT ADDED ENTRY--GEOGRAPHIC NAME
Geographic name chemistry.
700 ## - ADDED ENTRY--PERSONAL NAME
Personal name ইসলাম, ড.মোঃ রবিউল.
942 ## - ADDED ENTRY ELEMENTS (KOHA)
Source of classification or shelving scheme Library of Congress Classification
Koha item type Books
Holdings
Source of classification or shelving scheme Damaged status Not for loan Home library Current library Shelving location Date of accession Cost, normal purchase price Total Checkouts Full call number Barcode Date last seen Date checked out Copy number Koha item type
Dewey Decimal Classification     JCC Rouf Library JCC Rouf Library General Stacks 05/29/2018 114.00 3 540 KAB 2013 11513 01/14/2026 01/19/2025 C-1 Books

JCC Library | Contacts | JCC Home

Last Update on 23 September 2017
Copyright @ 2017-2020 JCC Rouf Library
Rouf Library, Jhenidah Cadet College (JCC), Bangladesh